00717 2200241 4500001002100000005001700021008004100038035002400079082000800103090001500111100002600126245014100152250001100293260003300304300002900337500002200366650001900388700002000407850001200427980001500439985000600454999001500460YOGYA-0209000005022820090227032440.0 ind  0010-020900000050228 a428 a428bSim E aSIMANJUNTAK, Herpinus aEnglish conversation for housewives = percakapan bahasa Inggris untuk ibu rumah tanggacHerpinus Simanjuntak ; ilustrasi, Dian Rusdianto aCet. 4 aJakartabKesaint Blancc1989 aix, 123 hlmbilusc18 cm aBibliografi : hlm aBahasa Inggris aRusdianto, Dian aYOPDYOG a03-12-2007 a1 aB000014928